Jak jsme se stali kolonií

Gespeichert in:
Bibliographische Detailangaben
1. Verfasser: Švihlíková, Ilona
Format: Buch
Sprache:Tschechisch
Veröffentlicht: Praha Rybka Publishers 2015
Schlagworte:
Tags: Tag hinzufügen
Keine Tags, Fügen Sie das erste Tag hinzu!

MARC

LEADER 00000nam a2200000 4500
001 0215921
005 20240313085920.3
020 |a 978-80-87950-17-3 
041 0 |a cze 
044 |a CZ 
245 1 0 |a Jak jsme se stali kolonií  |c Ilona Švihlíková 
264 1 |a Praha  |b Rybka Publishers  |c 2015 
300 |a 229 s. 
610 2 0 |a transformácia 
610 2 0 |a hospodárstvo socialistické 
610 2 0 |a privatizácia 
610 2 0 |a integrácia ekonomická medzinárodná 
610 2 0 |a politika hospodárska 
610 2 0 |a produkt domáci hrubý 
610 2 0 |a kurz menový 
610 2 0 |a politika menová 
610 2 0 |a banky 
610 2 0 |a štruktúra ekonomická 
610 2 0 |a mzdy 
610 2 0 |a nezamestnanosť 
610 2 0 |a chudoba 
610 2 0 |a deficit 
610 2 0 |a dlhy štátne 
610 2 0 |a Československo 
610 2 0 |a Česko 
610 2 0 |a Čína 
100 1 |a Švihlíková, Ilona